| 000 | 00686nam a22002177a 4500 | ||
|---|---|---|---|
| 999 |
_c19570 _d19570 |
||
| 003 | AR-CdUCM | ||
| 008 | 190404b ||||| |||| 00| 0 spa d | ||
| 040 |
_aMUNICIPALIDAD PROVINCIAL DEL CUSCO _cBIBLIOTECA MUNICIPAL DEL CUSCO |
||
| 082 |
_a530.11 / _bM63 |
||
| 100 |
_aMirò Quesada, Oscar _922976 |
||
| 245 | _aLa relatividad y los Quanta / | ||
| 260 |
_aLima : _bZig zag, _c1944 |
||
| 300 |
_a239 páginas ; _c25 cm. |
||
| 505 | _aContenido: Aceleración -- Energía -- Cuerpos -- Gravedad -- Geometría... | ||
| 650 |
_aÁtomos _918683 |
||
| 650 |
_aElectrones _920880 |
||
| 650 |
_aConstantes _940986 |
||
| 650 |
_aEquivalencias _940987 |
||
| 942 |
_2ddc _cLIBROS |
||
| 945 | _arcc | ||